quelle marque de basket? - Statistiques

Statistiques générales
  • Ce quiz a été pris 356 fois
  • Le résultat moyen est 8 sur 15
Statistiques - réponses
Par images Réponse % Correct
Nike
99%
Adidas
98%
New balance
95%
Converse
91%
Vans
90%
Asics
86%
Lacoste
84%
Alexander Mcqueen
32%
Golden Goose
31%
Veja
29%
Lanvin
22%
Karl Lagerfeld
17%
Valentino
16%
Philippe Model
5%
Semerdjian
5%
Aucun quiz correspondant
Distribution des résultats
% des personnes avec chaque résultat
Percentile par nombre de réponses
Votre historique - résultats
Vous n’avez pas pris ce quiz